000
00320nam a2200133Ia 4500
005
20260328104329.0
008
260328s9999||||xx |||||||||||||| ||und||
100
_a
Lovell, Sophie
245
0
_a
Berlin in Fifty Design Icons /
_c
Sophie Lovell
260
_b
Wallpaper
300
_a
36 p.
650
_a
BERLIN
942
_c
BK
999
_c
11640
_d
11640